Top 5 Tennis Grand Slam British Men's Players in Open Era - Statistics

General Stats
  • This quiz has been taken 115 times
  • The average score is 2 of 5
Answer Stats
# Player Best Performance Points % Correct
1 Andy Murray Win (3) 106
99%
2 Tim Henman Semifinals 32
72%
4 Greg Rusedski Final 13
43%
5 John Lloyd Final 10
13%
3 Roger Taylor Semifinals 14
13%
No matching quizzes found
Score Distribution
Percent of People with Each Score
Percentile by Number Answered
Your Score History
You have not taken this quiz